Central Library OPAC University of Rajshahi

Propagation of short radio waves / (Record no. 73544)

MARC details
000 -LEADER
fixed length control field 00765nam a2200241 a 4500
001 - CONTROL NUMBER
control field 73544
003 - CONTROL NUMBER IDENTIFIER
rucl marc code BD-RjUL
005 - DATE AND TIME OF LATEST TRANSACTION
control field 20211209082417.0
008 - FIXED-LENGTH DATA ELEMENTS--GENERAL INFORMATION
fixed length control field 170603s1951 us a 001 0 eng d
035 ## - SYSTEM CONTROL NUMBER
System control number (BD-RjUL)73762
040 ## - CATALOGING SOURCE
Original cataloging agency BD-RjUL
Language of cataloging eng
Transcribing agency BD-RjUL
041 ## - LANGUAGE CODE
Language code of text/sound track or separate title eng
082 ## - DEWEY DECIMAL CLASSIFICATION NUMBER
Edition number 23
Classification number 621.384
Author mark and year PRO 1951
245 00 - TITLE STATEMENT
Title Propagation of short radio waves /
Statement of responsibility, etc. edited by Donald E. Kerr
260 ## - PUBLICATION, DISTRIBUTION, ETC. (IMPRINT)
Place of publication, distribution, etc. New York :
Name of publisher, distributor, etc. McGraw-Hill,
Date of publication, distribution, etc. c1951
300 ## - PHYSICAL DESCRIPTION
Pagination xvii, 728 p :
Illustrations ill. ;
Size 24 cm.
490 1# - SERIES STATEMENT
Series statement Radiation Laboratory series / Massachusetts Institute of Technology ;
Volume/sequential designation 13
500 ## - GENERAL NOTE
General note Plates in end pocket
650 #0 - SUBJECT ADDED ENTRY--TOPICAL TERM
Topical term or geographic name as entry element Radio
9 (RLIN) 217612
Topical term or geographic name as entry element Shortwave radio
General subdivision Transmitters and transmission
9 (RLIN) 217613
700 1# - ADDED ENTRY--PERSONAL NAME
Personal name Kerr, Donald E.
942 ## - ADDED ENTRY ELEMENTS (KOHA)
Source of classification or shelving scheme Dewey Decimal Classification
Koha item type Books
Holdings
Lost status Source of classification or shelving scheme Damaged status Not for loan Collection code Permanent Location Current Location Shelving location Date acquired Source of acquisition Cost, normal purchase price Total Checkouts Full call number Date last seen Copy number Koha item type
  Dewey Decimal Classification   Not For Loan Non-fiction Central Library, University of Rajshahi Central Library, University of Rajshahi Reading Room 06/05/1964 Zeitlinger 101.00   621.384 PRO 1951 03/06/2017 C-1 Books
  Dewey Decimal Classification     Non-fiction Central Library, University of Rajshahi Central Library, University of Rajshahi   06/05/1964 Zeitlinger 101.00   621.384 PRO 1951 03/06/2017 C-2 Books